|
|
|
|
| LEADER |
04001nam a22005415i 4500 |
| 001 |
978-3-642-27975-1 |
| 003 |
DE-He213 |
| 005 |
20151204170957.0 |
| 007 |
cr nn 008mamaa |
| 008 |
140620s2014 gw | s |||| 0|eng d |
| 020 |
|
|
|a 9783642279751
|9 978-3-642-27975-1
|
| 024 |
7 |
|
|a 10.1007/978-3-642-27975-1
|2 doi
|
| 040 |
|
|
|d GrThAP
|
| 050 |
|
4 |
|a R895-920
|
| 072 |
|
7 |
|a MMPH
|2 bicssc
|
| 072 |
|
7 |
|a MMP
|2 bicssc
|
| 072 |
|
7 |
|a MED008000
|2 bisacsh
|
| 082 |
0 |
4 |
|a 616.0757
|2 23
|
| 245 |
1 |
0 |
|a Radiological Interventions in Obstetrics and Gynaecology
|h [electronic resource] /
|c edited by John Reidy, Nigel Hacking, Bruce McLucas.
|
| 264 |
|
1 |
|a Berlin, Heidelberg :
|b Springer Berlin Heidelberg :
|b Imprint: Springer,
|c 2014.
|
| 300 |
|
|
|a XIV, 215 p. 50 illus. in color.
|b online resource.
|
| 336 |
|
|
|a text
|b txt
|2 rdacontent
|
| 337 |
|
|
|a computer
|b c
|2 rdamedia
|
| 338 |
|
|
|a online resource
|b cr
|2 rdacarrier
|
| 347 |
|
|
|a text file
|b PDF
|2 rda
|
| 490 |
1 |
|
|a Medical Radiology,
|x 0942-5373
|
| 505 |
0 |
|
|a The History and Epidemiology of Fibroids -- Medical Treatment of Fibroids -- Clinical presentations of fibroids -- Gynaecological assessment prior to UAE -- Imaging of fibroids pre and post-UAE -- Indications and contraindications -- Embolisation Techniques -- Choice of Embolisation materials -- Clinical results of fibroid embolisation, trials and registries -- Complications of fibroid embolisation -- When to consider Ovarian embolization -- Early Post UAE management -- Post UAE problems and management -- The role of a repeat UAE procedure -- Myomectomy techniques -- Myomectomy results and complications -- Myomectomy after UAE Gynae -- There is a role for UAE in women with symptomatic fibroids and fertility goals -- UAE is not recommended for women with future fertility goals -- Costing issues and UAE in the developing world -- Who can and should do UAE -- Is there a place for UAE in Adenomyosis -- The role for Focussed Ultrasound ablation in the treatment of Fibroids -- Bleeding in Obstetrics: Obstetric Management of Post-Partum Haemorrhage -- Embolisation in Post-Partum Haemorrhage -- The problem of abnormal Placentation and is there a role for Interventional Radiology -- Pelvic Congestion Syndrome: Clinical Significance of Pelvic Congestion Syndrome -- Embolisation in Pelvic Congestion Syndrome. .
|
| 520 |
|
|
|a This book provides a state-of-the-art review of the technical and clinical aspects of the vascular interventional radiological (IR) procedures currently employed in obstetrics and gynaecology. A particular focus is on uterine artery embolisation for fibroid disease, which is contrasted with the main alternative uterus-conserving surgical approach of myomectomy, and with ablation therapy. Detailed consideration is also given to the role of embolisation in a variety of other less common conditions, including arteriovenous malformations, post-partum haemorrhage, abnormal placentation and pelvic congestion syndrome. IR procedures are examined from a critical gynaecological perspective and with regard to surgical alternatives. The authors include leading interventional radiologists and gynaecologists from the United Kingdom, Europe and North America. .
|
| 650 |
|
0 |
|a Medicine.
|
| 650 |
|
0 |
|a Gynecology.
|
| 650 |
|
0 |
|a Obstetrics.
|
| 650 |
|
0 |
|a Radiology.
|
| 650 |
|
0 |
|a Interventional radiology.
|
| 650 |
1 |
4 |
|a Medicine & Public Health.
|
| 650 |
2 |
4 |
|a Imaging / Radiology.
|
| 650 |
2 |
4 |
|a Interventional Radiology.
|
| 650 |
2 |
4 |
|a Gynecology.
|
| 650 |
2 |
4 |
|a Obstetrics/Perinatology.
|
| 700 |
1 |
|
|a Reidy, John.
|e editor.
|
| 700 |
1 |
|
|a Hacking, Nigel.
|e editor.
|
| 700 |
1 |
|
|a McLucas, Bruce.
|e editor.
|
| 710 |
2 |
|
|a SpringerLink (Online service)
|
| 773 |
0 |
|
|t Springer eBooks
|
| 776 |
0 |
8 |
|i Printed edition:
|z 9783642279744
|
| 830 |
|
0 |
|a Medical Radiology,
|x 0942-5373
|
| 856 |
4 |
0 |
|u http://dx.doi.org/10.1007/978-3-642-27975-1
|z Full Text via HEAL-Link
|
| 912 |
|
|
|a ZDB-2-SME
|
| 950 |
|
|
|a Medicine (Springer-11650)
|